000 00682nam a2200217Ia 4500
003 OSt
005 20250208112325.0
008 210210b2007 xxu||||| |||| 00| 0 eng d
040 _cAL
041 _aKannada
082 _aK894.8 KANT
100 _aAMRATA SOMESHVARA
_9139472
_dಅಮೃತ ಸೋಮೇಶ್ವರ
245 _aTuluva janapada loka: kelavu notagalu
_bತುಳುವ ಜಾನಪದ ಲೋಕ : ಕೆಲವು ನೋಟಗಳು
260 _aHampi
_bKannada Vishvavidyalaya Hampi
_c2007
300 _avii,267
650 _aTuluva
_9139473
650 _ajanapada
_9139477
690 _aKannada Miscellaneous
_9139478
906 _a062627
942 _2ddc
_cBK
999 _c117863
_d117863